Guatemala: violence, revolution et democratie /
Se estudia la violencia política, la revolución y la democracia en Guatemala, la destrucción del movimiento social, el papel del populismo, la integración social y nacional, y el caso de los excluídos. HB/hmbq
Збережено в:
| Автор: | |
|---|---|
| Формат: | Текст |
| Предмети: | |
| Теги: |
Додати тег
Немає тегів, Будьте першим, хто поставить тег для цього запису!
|
MARC
| LEADER | 00000 a a2200000 04500 | ||
|---|---|---|---|
| 001 | 2375 | ||
| 003 | |||
| 040 | |||
| 100 | |a Le Bot, Yvon | ||
| 245 | |a Guatemala: |b violence, revolution et democratie / |c Yvon Le Bot | ||
| 520 | |a Se estudia la violencia política, la revolución y la democracia en Guatemala, la destrucción del movimiento social, el papel del populismo, la integración social y nacional, y el caso de los excluídos. HB/hmbq | ||
| 650 | |a VIOLENCIA | ||
| 650 | |a PROBLEMAS POLITICOS | ||
| 650 | |a DEMOCRACIA | ||
| 650 | |a MOVIMIENTOS SOCIALES | ||
| 773 | |g número 11; páginas 55-67 | ||
| 999 | |c 40024 |d 40024 | ||
